National Birds of South Asia - Statistics

General Stats
  • This quiz has been taken 18 times
  • The average score is 6 of 8
Answer Stats
Picture Hint Answer % Correct
India Indian Peafowl
100%
Sri Lanka Sri Lankan Junglefowl
92%
Bhutan Common Raven
85%
Afghanistan Golden Eagle
85%
Nepal Himalayan Monal
69%
Bangladesh Oriental Magpie-robin
69%
Pakistan Chukar Partridge
62%
Maldives White-breasted Waterhen
46%
No matching quizzes found
Score Distribution
Percent of People with Each Score
Percentile by Number Answered
Your Score History
You have not taken this quiz